| 000 | 00000nam##2200000za#4500 |
| 001 | 9.571185 |
| 003 | CaOODSP |
| 005 | 20210624182612 |
| 007 | cr ||||||||||| |
| 008 | 150406|2003||||xxc|||||o f|0| 0 eng|d |
| 040 | |aCaOODSP|beng |
| 043 | |an-cn--- |
| 086 | 1 |aYC32-0/372-7E-PDF |
| 110 | 1 |aCanada. |bParliament. |bSenate. |bStanding Committee on Human Rights. |
| 245 | 10|aReport of the delegation of the Standing Senate Committee on Human Rights on its fact-finding mission to Geneva, Switzerland and Strasbourg France : |h[electronic resource]|bOctober 10-17, 2003 |
| 260 | |bSenate. |c[2003]. |
| 300 | |a17p. |
| 490 | 1 |aReport of the Standing Senate Committee on Human Rights|v[37th Parliament, 2nd Session, 7th report] |
| 590 | |a11-12-Supp|b2011-07-29 |
| 775 | 08|tRapport de la délégation du Comité sénatorial permanent des droits de la personne sur sa mission d'information à Genève (Suisse) et Strasbourg (France) : |w(CaOODSP)9.601816 |
| 830 | #0|aReport of the Standing Senate Committee on Human Rights ;|v[37th Parliament, 2nd Session, 7th report]|w(CaOODSP)9.505251 |
| 856 | 40|ahttp://publications.gc.ca|qPDF|s149 KB|uhttps://publications.gc.ca/collections/collection_2011/sen/yc32-0/YC32-0-372-7-eng.pdf|y[37th Parliament, 2nd Session, 7th report] |